La Reversión del Canal de Panamá /

Na minha lista:
Detalhes bibliográficos
Autor principal: Pérez Bravo, Alfredo
Outros Autores: Sierra, Iván Roberto
Formato: Texto
Tags: Adicionar Tag
Sem tags, seja o primeiro a adicionar uma tag!

MARC

LEADER 00000 a a2200000 04500
001 16445
003
040
100 |a Pérez Bravo, Alfredo  
245 |a La Reversión del Canal de Panamá /  |c Alfredo Pérez Bravo 
700 |a Sierra, Iván Roberto  
773 |g número 59; páginas 150-173  
999 |c 25474  |d 25474